000 00325nam a2200109Ia 4500
008 221009s9999 xx 000 0 und d
082 _a741.642 BOOK
100 _aबिडला, घनश्‍यामदास
_945943
245 0 _aध्रुवो पाख्‍या
260 _bदिल्‍ली
942 _cBK
999 _c64598
_d64598